000 01352nam a2200325Ia 4500
999 _c5471
_d5471
003 OSt
005 20200609200306.0
008 191128s2008 sp gr 000 0dspa d
020 _a9788497427890
040 _aCO-JMCR
_cCO-JMCR
041 1 _aspa
_heng
082 0 4 _a330.122 /
_bH852e
_223
100 1 _aHume, David,
_eautor
_95335
245 1 0 _aEnsayos económicos :
_blos orígenes del capitalismo moderno /
_cDavid Hume ; edición y traducción de Javier Ugarte Pérez
260 _aMadrid :
_bBiblioteca nueva,
_c2008.
300 _a175 páginas ;
_c21 cm.
490 0 _aClásicos del pensamiento. Biblioteca nueva
504 _aBibliografía: páginas 37-39
505 _aPresentación de los ensayos económicos -- Ensayos económicos
520 _aLos ensayos económicos de David Hume, publicados en 1752, fueron escritos en el momento que comienza en Gran Bretaña la revolución capitalista conocida como Revolución Industrial.
534 _pEssays and treatises on several subjects
546 _aTraducido del inglés
650 1 4 _aHume, David,
_y1711-1776
_95336
650 2 4 _aPensamiento político
_xEconomía
_95337
650 2 4 _aEconomía política
_95338
650 2 4 _aComercio
_xBalanza comercial
_95339
650 2 4 _aCrédito público
_95340
700 1 _aUgarte Pérez, Javier,
_e traductor
_95341
942 _2ddc
_cBK